Регионална библиотека "Любен Каравелов" - Русе

Семената на измамата (Запис номер 173062)

MARC детайли
000 -Лидер
Контролно поле с фиксирана дължина 01759nam a2200385 c 4500
003 - Код на организацията, давaща контролен номер
Контролно поле BLK
005 - Дата и час на последна редакция
Контролно поле 20200718160254.0
008 - Елементи от данни с фиксирана дължина
fixed length control field 180411b bul|||||r ||||||| ||bul||
010 ## - Наследен системен номер
LC control number KNG00181437000
020 ## - Международен стандартен номер на книга ISBN
Международен стандартен номер на книга ISBN 978-954-90339-8-4
-- издат.: Orgon
040 ## - Източник на каталожния запис
Идентификатор на билиотеката - собственик на записа BLK
041 ## - Код за език
Код за езика на текст/звукозапис или на отделно заглавие Български
Код за езика КДБФ Български
072 #7 - Код за тематичната категория
Код организация bullib
Код за тематична категория Н50
Текст Естествени науки. Математика и др. Н
080 ## - УДК
Текстов определител УДК Приложна биология въобще. Биотехнология. Генно инженерство. - Общи въпроси
УДК код - определител по УДК 573.6
УДК определител
УДК - код + определител 573.6
100 1# - Редна дума - Автор
Автор Смит, Джефри М.
Авторска отговорност първи автор
R(LIN) 339429
139 ## - Редно поле
Редна дума Смит, Джефри М.
Авторски знак Сми - С 47
245 10 - Сведения за заглавието
Заглавие Семената на измамата
Подзаглавни данни Изобличаване на корпоративните и правителствените лъжи за безопасността на храните с ГМО
Редно поле (дума) Джефри М. Смит; прев. от англ. Георги Менелаев Ифандиев.
257 ## - Страна на издаване
Страна на създаване/издаване България
260 ## - Област на издателските данни
-- София
Име на издателя, разпространителя и проч. Orgon
Година на издаване 2012
Печатница София : Скала принт
300 ## - Физическа характеристика
Страници 309 с.
Илюстрации и др. с табл., портр.
Размери/Мащаб 22 см
380 ## - Жанр
Жанр Селско стопанство
650 #4 - Допълнително описание по предмет – тема
Основно описание – тема или топоним Генно инженерство
9 (RLIN) 287082
650 #4 - Допълнително описание по предмет – тема
Основно описание – тема или топоним Биотехнологии
9 (RLIN) 148733
653 ## - Ключова дума – ненормативна
Ключова дума генно инженерство
653 ## - Ключова дума – ненормативна
Ключова дума биотехнологии
653 ## - Ключова дума – ненормативна
Ключова дума ГМО
653 ## - Ключова дума – ненормативна
Ключова дума генномодифицирани храни
659 ## - Тематичен бюлетин
Тематичен бюлетин Н
700 1# - Други автори (авторска отговорност)
Лично име Ифандиев, Георги Менелаев
Автороска отговорност (Описва отношението между автора и произведението) прев. от англ.
9 (RLIN) 73236
852 ## - Местоположение
Форматна сигнатура Цб 276649
856 4# - Електронен адрес и достъп
Електронен формат pdf - файл
Път до файла /url/
856 4# - Електронен адрес и достъп
Електронен формат pdf - файл
Път до файла /url/
942 ## - АРТИКУЛИ
Вид на библиотечния материал Книги
Скрит в OPAC Не
Koha issues (borrowed), all copies 1
944 ## - СЪЗДАВАНЕ И РЕДАКЦИЯ на ЗАПИСА
Създаване/Редакция Създаване
Дата на регистрацията/редакция 10.09.2015
Статус, дата на статуса ф /
Служител, извършил регистрацията/редакцията Виолета_Тройчева
944 ## - СЪЗДАВАНЕ И РЕДАКЦИЯ на ЗАПИСА
Създаване/Редакция Редакция
Дата на регистрацията/редакция 24.11.2015
Статус, дата на статуса ф /
Служител, извършил регистрацията/редакцията Людмила_Стоянова
999 ## - СИСТЕМНИ КОНТРОЛНИ НОМЕРА
Koha biblionumber 173062
Koha biblioitemnumber 173062
Наличности
Код за отписване Код за изгубен артикул Код за повреда Коз за рестрикции Код за отдаване Артикулен № Име на библиотеката - собственик Име на библиотеката, в която се намира в момента Статус (Текущо местоположение) Дата на вписване в системата Местоположение - отдел Цена в лева Инвентарен номер Систематично азбучна сигнатура Баркод Номер на екземпляра Цена в евро Служебна бележка Служебен тип на артикула
  Не е изгубен Не е повреден без рестрикции заемане за дома 295411 Регионална библиотека "Любен Каравелов" Русе Регионална библиотека "Любен Каравелов" Русе Заемна - подръчен фонд 2015-09-10 Заемна - подръчен фонд 6.95 120000792132 П 573.6/С 47 120000792132 1 3.55 Дост: Pk Вид: Ф N: 534 Дата: 03.09.2015 Дата инв: 02.02.2018 Бележки инв: П2018 Книги
  Не е изгубен Не е повреден без рестрикции ползва се в читалня 295412 Регионална библиотека "Любен Каравелов" Русе Регионална библиотека "Любен Каравелов" Русе Хранилище 2015-10-16 Хранилище 16.00 120000793767 Цб 276649 120000793767 2 8.18 Дост: Dp Вид: Д N: 36 Дата: 19.08.2015 Книги
Vip Innovations Ltd, Rousse, Bulgaria 2025